MARC

LEADER 00000nam0a2200000 4500
001 265523
005 20231101233928.0
020 |a RU  |b 85-52541ж 
035 |a (RuTPU)RU\TPU\book\288524 
090 |a 265523 
100 |a 20140626d1985 k y0rusy5003 ca 
101 0 |a rus 
102 |a RU 
105 |a y z 001zy 
200 1 |a Географические названия на карте  |f Центральный научно-исследовательский институт геодезии, аэросъемки и картографии им. Ф. Н. Красовского (ЦНИИГАиК) 
210 |a Москва  |c Изд-во ЦНИИГАиК  |d 1985 
215 |a 138 с.  |d 20 см 
225 1 |a Сборник научных трудов ЦНИИ геодезии, аэросъемки и картографии  |v Вып. 236 
606 1 |a Географические названия  |x (картография)  |2 stltpush  |3 (RuTPU)RU\TPU\subj\5911  |9 33896 
610 1 |a географические объекты 
610 1 |a зарубежные страны 
610 1 |a иноязычные слова 
610 1 |a русская передача 
610 1 |a нормализация 
610 1 |a географические термины 
610 1 |a топонимия 
675 |a 528.93  |z rus  |v 3 
712 0 2 |a Центральный научно-исследовательский институт геодезии, аэросъемки и картографии им. Ф. Н. Красовского (ЦНИИГАиК)  |2 stltpush  |3 (RuTPU)RU\TPU\col\21007 
801 0 |a RU  |b RuMRKP  |c 19950704  |g psbo 
801 1 |a RU  |b 63413507  |c 20140626 
801 2 |a RU  |b 63413507  |c 20150716  |g RCR 
942 |c BK